=LDR 00000nam 2200000 4500 =001 INLIS000000000005159 =005 20130612093421 =008 ***********************************Ind** =035 ##$$0010-061300000005159 =041 ##$$a Ind =082 ##$$a 658.404 =090 ##$$a 658.404, Pri t =100 ##$$a PRIYONO =245 ##$$a Tata laksana proyek, Priyono =260 ##$$a 1993 $b Yogyakarta =300 ##$$a v, 79 hlm., ilus., 21 cm =650 ##$$a Manajemen proyek =850 ##$$a NBPNMAT